| 000 | 00709nam a2200205Ia 4500 | ||
|---|---|---|---|
| 003 | GCL | ||
| 005 | 20240530104105.0 | ||
| 008 | 140319s9999 xx 000 0 ara d | ||
| 040 |
_aGCL / _cGCL |
||
| 082 | 0 | 4 |
_a154.634/ _bش أ |
| 110 | 0 | _aالشركة الشرقية للمطبوعات | |
| 245 | 1 | 2 |
_aالارق والنوم : _bالنوم والاحلام / _cالشركة الشرقية للمطبوعات |
| 260 |
_aبيروت : _bالشركة الشرقية للمطبوعات، _c1988. |
||
| 300 |
_a96 ص. : _bصور ؛ _c19 سم. |
||
| 490 |
_aأسرتى _v0 |
||
| 650 | 0 | 4 | _aالتحليل النفسى |
| 650 | 0 | 4 | _aعلم النفس الفسيولوجى |
| 650 | 0 | 4 | _aالارق |
| 942 |
_2ddc _cBK |
||
| 999 |
_c44543 _d44543 |
||